000 00764cab a2200229 4500
001 WB2832-33
008 090401t1992 xxu||||| |||| 00| 0 eng d
035 _a(Sirsi) u79517
041 _aeng
245 _aCut out the middle man and swap
260 _c1992
350 _a0
490 _aDaily Telegraph
_v12 August 1992, 25(1)
520 _aHome exchange has become a more widely accepted means of property transaction, through agencies such as National Property Exchange, though the commission rates charged by comparable organisations have caused dissatisfaction.
650 _aBAIRSTOW EVES
650 _aHOME EXCHANGE
650 _aHOUSE SWAPS
650 _aNATIONAL PROPERTY EXCHANGE
690 _aHOUSING
942 _n0
948 _c04/03/1997
999 _c49993
_d49993